| 000 | 01052 a2200217 4500 | ||
|---|---|---|---|
| 003 | Nust | ||
| 005 | 20220804134621.0 | ||
| 010 | _a 97008930 | ||
| 020 | _a0819423807 (softcover) | ||
| 040 | _cNust | ||
| 082 | 0 | 0 | _a621.367,ABL |
| 100 | 1 |
_aAblameyko, Sergey, _996540 |
|
| 245 | 1 | 3 |
_aAn introduction to interpretation of graphic images / _cSergey Ablameyko. |
| 246 | 3 | 0 | _aInterpretation of graphic images |
| 260 |
_aBellingham, Wash., USA : _bSPIE Optical Engineering Press, _cc1997. |
||
| 300 |
_axiii, 165 p. : _bill., maps ; _c26 cm. |
||
| 440 | 0 |
_aTutorial texts in optical engineering ; _vv. TT 27 _996344 |
|
| 505 | _aThe Problem of Graphical Image Interpretations (Page-1), Methodology of Line-Drawing Interpretation (Page-22), Image Scanning and Banalization (Page-35), Binary Image Processing (Page-56), Image Vectorization (Page-79), Recognition of Cartographic Objects (Page-92), Recognition of Engineering Drawing Entities (Page-124), Output and Conclusion (Page-146). | ||
| 650 | 0 | _aTelecommunication Engineering. | |
| 942 |
_cREF _2ddc |
||
| 999 |
_c175567 _d175567 |
||